[Event "Challenge"]
[Site "http://www.queenalice.com/game.php?id=357609"]
[Date "2008.2.20"]
[Round "-"]
[White "Pilzi"]
[Black "Chrischi"]
[Result "0-1"]
[WhiteElo "1522"]
[BlackElo "1516"]

1. b4 e5 2. e4 Bxb4 3. c3 Ba5 4. h4 Nf6 5. f3 d5 6. d3 d4 7. Ke2 dxc3 8. Qc2 Qd4
9. Be3 Qb4 10. a3 Qb2 11. Qxb2 cxb2 12. Ra2 b6 13. Rxb2 O-O 14. Kd1 Nc6 15. Ne2
Rd8 16. Nc1 Nd4 17. Ne2 c5 18. Nbc3 Nxe2 19. Bxe2 Bxc3 20. Ra2 Ba6 21. Kc2 Ba5
22. Rd1 Nh5 23. Kb1 Ng3 24. Kc1 Nxe2+ 25. Rxe2 Bxd3 26. Red2 Bxd2+ 27. Rxd2 c4
28. g4 Rac8 29. g5 c3 30. Rf2 c2 31. h5 Bb5 32. Rxc2 Ba4 33. Rxc8 Rxc8+ 34. Kb1
Bc2+ 35. Kb2 f6 36. gxf6 gxf6 37. f4 Bxe4 38. Kb3 exf4 39. Bxf4 Bc2+ 40. Kb4 Bd3
41. a4 Rc4+ 42. Kb5 Rxf4+ 0-1

[Event "Challenge"]
[Site "http://www.queenalice.com/game.php?id=361513"]
[Date "2008.2.26"]
[Round "-"]
[White "luongo_00001"]
[Black "Pilzi"]
[Result "0-1"]
[WhiteElo "1374"]
[BlackElo "1494"]

1. e4 e5 2. Nf3 d6 3. d4 f6 4. d5 a6 5. Nc3 b5 6. Be3 c5 7. dxc6 Nxc6 8. Nd5 Rb8
9. Be2 h5 10. h4 Qa5+ 11. Qd2 Rb7 12. Qxa5 Nxa5 13. O-O-O Be7 14. Nxe7 Nxe7 15.
Rxd6 O-O 16. Rxa6 Nc4 17. Bxc4+ Kh8 18. Bb3 Rd8 19. Rd1 Rbd7 20. Rxd7 Rxd7 21.
Be6 Bxa6 22. Bxd7 b4 23. Ba4 Ng6 24. Bc5 Nf4 25. g3 Ne2+ 26. Kb1 Bb7 27. Nd2 g5
28. Bxb4 Kh7 29. Bb5 Nd4 30. Ba4 f5 31. exf5 Nxf5 32. hxg5 Kg7 33. Nf1 Kg6 34.
f4 exf4 35. gxf4 Ba6 36. Nh2 h4 37. Be8+ Kg7 38. Bh5 Bb7 39. Bc3+ Kg8 40. b4 Bc6
41. Kb2 Bd5 42. a4 Ng3 43. Bg4 Bg2 44. b5 Ne4 45. b6 Nd6 46. a5 Nc4+ 47. Kb3 Ne3
48. Bc8 Bd5+ 49. Kb4 Nxc2+ 50. Kb5 Na3+ 51. Ka6 Bc4+ 52. Kb7 Bd5+ 53. Kb8 Nb5
54. Be5 Kf8 55. a6 Kf7 56. Bb7 Bxb7 57. Kxb7 Ke6 58. a7 Nd6+ 59. Bxd6 Kxd6 60.
a8=Q Kc5 0-1

[Event "Challenge"]
[Site "http://www.queenalice.com/game.php?id=361810"]
[Date "2008.2.27"]
[Round "-"]
[White "Kay"]
[Black "Pilzi"]
[Result "1-0"]
[WhiteElo "1029"]
[BlackElo "1522"]

1. e4 h5 2. h4 e5 3. Nf3 f6 4. Be2 g6 5. d4 Nc6 6. dxe5 Nxe5 7. Nxe5 fxe5 8. Bg5
Be7 9. g4 hxg4 10. Bxg4 d6 11. h5 gxh5 12. Bxh5+ Kd7 13. Bg4+ Ke8 14. Rxh8 Kf8
15. Qd5 Kg7 16. Bxe7 Nxe7 17. Rxd8 Nxd5 18. Rxc8 Rxc8 19. Bxc8 b6 20. exd5 b5
21. b4 Kf7 22. a4 Ke7 23. axb5 Kd8 24. Bh3 c5 25. bxc5 dxc5 26. c4 1-0

[Event "RichardN"]
[Site "http://www.queenalice.com/game.php?id=363056"]
[Date "2008.2.29"]
[Round "4"]
[White "Pilzi"]
[Black "RichardN"]
[Result "0-1"]
[WhiteElo "1533"]
[BlackElo "1423"]

1. h4 e5 2. e4 Nf6 3. f3 Bc5 4. c3 O-O 5. b4 Bxg1 6. Rxg1 d6 7. g4 Be6 8. g5 Nh5
9. d3 Nc6 10. a4 f6 11. f4 g6 12. b5 Ne7 13. c4 exf4 14. Nc3 f5 15. Nd5 fxe4 16.
Nf6+ Nxf6 17. gxf6 Rxf6 18. dxe4 f3 19. Be3 Bg4 20. Rxg4 h5 21. Rg5 Qf8 22. Kf2
a5 23. c5 Rd8 24. Bc4+ Kh7 25. b6 cxb6 26. cxb6 Rc8 27. Bd5 Nxd5 28. exd5 Rf5
29. Rc1 Rxc1 30. Qxc1 Qf6 31. Qc7+ Kg8 32. Qxb7 Qb2+ 33. Kf1 Qe2+ 34. Kg1 Qxe3+
35. Kh2 Qf2+ 36. Kh1 Qxh4+ 37. Kg1 Rxg5+ 38. Kf1 Qh1+ 39. Kf2 Qg2+ 40. Ke3 Qe2+
41. Kd4 Qe5+ 42. Kc4 Qe4+ 43. Kb5 Rxd5+ 44. Ka6 Qc4+ 45. Ka7 Rf5 46. Qa6 Rf7+
47. b7 Qc7 48. Ka8 Rf8+ 49. Ka7 Qc5+ 50. Qb6 f2 51. Qxc5 dxc5 52. b8=Q Rxb8 53.
Kxb8 f1=Q 0-1

[Event "Challenge"]
[Site "http://www.queenalice.com/game.php?id=373632"]
[Date "2008.3.19"]
[Round "-"]
[White "Pilzi"]
[Black "Kay"]
[Result "1-0"]
[WhiteElo "1524"]
[BlackElo "1383"]

1. c4 c5 2. Nc3 Nc6 3. e3 g6 4. g4 Bg7 5. g5 e6 6. f4 h6 7. Nf3 hxg5 8. fxg5 f6
9. Ne4 d5 10. Nxf6+ Nxf6 11. gxf6 Bxf6 12. h3 Ne5 13. d4 Nxc4 14. Ne5 Nxe5 15.
dxe5 Bh4+ 16. Kd2 Bd7 17. a4 Qa5+ 18. Kc2 b5 19. Kb1 bxa4 20. Ra3 Rb8 21. Bd2
Qc7 22. Rxa4 Qxe5 23. Ra2 c4 24. Qc1 O-O 25. Rg1 Be8 26. Rxa7 Qh8 27. Bc3 Bf6
28. Qc2 Bxc3 29. Ra2 Bxb2 30. Rxb2 Rxb2+ 31. Qxb2 Qxb2+ 32. Kxb2 Rf2+ 33. Kc3 e5
34. h4 Kg7 35. e4 dxe4 36. Bxc4 e3 37. Rg5 e2 38. Rxe5 e1=Q+ 39. Rxe1 Bf7 40.
Re2 Rf4 41. Bd3 Rxh4 42. Re4 g5 43. Kd4 g4 44. Rf4 Bh5 45. Re4 Rh3 46. Bf1 Rf3
47. Be2 Rg3 48. Re7+ Kg6 49. Ke4 Kg5 50. Re5+ Kh4 51. Re6 Rg2 52. Ke3 g3 53.
Re4+ Kg5 54. Re5+ Kh4 55. Rxh5# 1-0

[Event "Challenge"]
[Site "http://www.queenalice.com/game.php?id=386982"]
[Date "2008.4.13"]
[Round "-"]
[White "Pilzi"]
[Black "SalsaQueen"]
[Result "0-1"]
[WhiteElo "1489"]
[BlackElo "1806"]

1. h4 e5 2. e4 Nf6 3. f3 d6 4. g4 Nc6 5. Bh3 h6 6. c3 Be6 7. d4 d5 8. g5 hxg5 9.
Bxg5 Qd7 10. Nd2 Nh5 11. a3 Ng3 12. Rh2 exd4 13. Bxe6 Qxe6 14. Bf4 Qg6 15. Bxc7
d3 16. Nf1 Nxf1 17. Kxf1 Bc5 18. Rg2 Qf6 19. Bg3 Ne5 20. f4 dxe4 21. Qa4+ Nc6
22. Qxe4+ Qe6 23. Qxd3 O-O 24. Re1 Qh6 25. b4 Bxg1 26. Rxg1 Rad8 27. Qc4 a6 28.
Rg2 Qf6 29. Rge2 Qg6 30. Kf2 Kh7 31. b5 axb5 32. Qxb5 Rd7 33. Qg5 Qd3 34. Qh5+
Kg8 35. Qf3 Rdd8 36. Re3 Qc4 37. Re4 Qa2+ 38. Kg1 Qxa3 39. Bf2 Qd6 40. h5 Kh7
41. Bh4 Rb8 42. Be7 Nxe7 43. Rxe7 Qc5+ 44. R1e3 b5 45. Qe4+ Kg8 46. f5 b4 47. c4
b3 48. Qd5 Qb4 49. R7e4 b2 50. Re1 b1=Q 51. Rxb1 Qxb1+ 52. Kf2 Rfd8 53. Qe5 Rb2+
54. Kf3 Rd3+ 55. Re3 Qf1+ 56. Ke4 Rxe3+ 57. Kxe3 Re2+ 58. Kd4 Qf2+ 59. Kd5 Qf3+
60. Kd6 Rxe5 61. Kxe5 f6+ 62. Ke6 Qc6+ 63. Ke7 Qxc4 64. h6 gxh6 65. Kxf6 Qf7+
66. Ke5 h5 67. f6 h4 0-1

[Event "Challenge"]
[Site "http://www.queenalice.com/game.php?id=387904"]
[Date "2008.4.15"]
[Round "-"]
[White "Pilzi"]
[Black "borja"]
[Result "1-0"]
[WhiteElo "1505"]
[BlackElo "1506"]

1. h4 d5 2. d4 e6 3. c3 Nc6 4. b4 Nf6 5. Nf3 Be7 6. Ne5 Nxe5 7. dxe5 Ng4 8. e3
Nxe5 9. Qd4 Bf6 10. f3 Nc4 11. Qc5 Bxc3+ 12. Nxc3 b6 13. Qc6+ Bd7 14. Qb7 a5 15.
Bxc4 Bc6 16. Qxc6+ Ke7 17. bxa5 Rxa5 18. Bb5 1-0

[Event "world chess em 2008"]
[Site "http://www.queenalice.com/game.php?id=421069"]
[Date "2008.6.21"]
[Round "-"]
[White "Chrischi"]
[Black "Pilzi"]
[Result "1-0"]
[WhiteElo "1732"]
[BlackElo "1507"]

1. e4 e5 2. Nf3 f6 3. d4 Qe7 4. d5 c5 5. c4 d6 6. Bd3 g5 7. O-O Qd7 8. Nc3 a6 9.
a3 Be7 10. b4 h5 11. bxc5 dxc5 12. Na4 Qd6 13. Qb3 Nd7 14. Be3 b6 15. Nc3 Bd8
16. Ne2 g4 17. Nh4 Ne7 18. Nf5 Nxf5 19. exf5 h4 20. f4 h3 21. Ng3 Qf8 22. fxe5
fxe5 23. Ne4 Rh5 24. Qd1 Nf6 25. Nxf6+ Bxf6 26. Qxg4 Rh4 27. Qe2 Qg8 28. g3 Rg4
29. Bf4 Kf7 30. Bxe5 Bxf5 31. Rxf5 Rg6 32. Raf1 Kg7 33. Bxf6+ Rxf6 34. Rxf6 Re8
35. Rg6+ Kh8 36. Qh5+ Qh7 37. Rg8+ Rxg8 38. Qxh7# 1-0

[Event "RichardN"]
[Site "http://www.queenalice.com/game.php?id=423869"]
[Date "2008.6.27"]
[Round "5"]
[White "amadeuswags"]
[Black "Pilzi"]
[Result "1-0"]
[WhiteElo "1884"]
[BlackElo "1476"]

1. e4 h5 2. f4 e6 3. Nf3 f6 4. Bc4 g5 5. fxg5 fxg5 6. d4 d5 7. exd5 exd5 8. Bxg5
Be7 9. Bxe7 Nxe7 10. Bd3 Nf5 11. Bxf5 Bxf5 12. Qe2+ Qe7 13. Qxe7+ Kxe7 14. c3
Be4 15. Nbd2 Rg8 16. O-O Bd3 17. Rae1+ Kd6 18. Rf2 Nd7 19. Ne5 Rae8 20. Nxd3 a5
21. Rxe8 Rxe8 22. a4 b6 23. h3 c5 24. dxc5+ bxc5 25. c4 d4 26. Nb3 Re3 27. Rf3
Ne5 28. Rxe3 dxe3 29. Nxe5 Kxe5 30. Kf1 Ke4 31. g4 h4 32. Nxc5+ Kd4 33. Nb7 Kd3
34. Ke1 Kxc4 35. g5 Kb4 36. g6 Kxa4 37. g7 Kb4 38. g8=Q a4 39. Qa2 e2 40. Kxe2
Kb5 41. Nd6+ Kc5 42. Nc4 Kb4 43. Ne5 Kb5 44. b3 axb3 45. Qxb3+ Kc5 46. Nf3 1-0

[Event "Es wird mal wieder Zeit..."]
[Site "http://www.queenalice.com/game.php?id=431611"]
[Date "2008.7.11"]
[Round "-"]
[White "Pilzi"]
[Black "Kay"]
[Result "0-1"]
[WhiteElo "1521"]
[BlackElo "1564"]

1. h4 e5 2. e4 Nf6 3. f3 Bc5 4. Nh3 O-O 5. g4 d5 6. Bd3 dxe4 7. fxe4 Nxg4 8. Qe2
Qxh4+ 9. Kd1 f5 10. Bc4+ Kh8 11. Qf1 fxe4 12. Qe1 Qh5 13. Qxe4 Nf2+ 14. Ke1 Qd1#
0-1

[Event "Challenge"]
[Site "http://www.queenalice.com/game.php?id=433971"]
[Date "2008.7.16"]
[Round "-"]
[White "kiel"]
[Black "Pilzi"]
[Result "0-1"]
[WhiteElo "1343"]
[BlackElo "1474"]

1. e4 e5 2. Qh5 d6 3. Bc4 g6 4. Qf3 Nf6 5. d4 exd4 6. Bg5 Nbd7 7. Bb5 c6 8. Ba4
h6 9. Bxf6 Nxf6 10. Ne2 b5 11. Bb3 Be6 12. Nd2 Bxb3 13. Nxb3 a5 14. Nbxd4 Qd7
15. Qxf6 Rg8 16. O-O-O Bg7 17. Qf3 c5 18. Nb3 Bf8 19. e5 Ra6 20. Nxc5 Qc6 21.
Nxa6 Qxa6 22. Qe3 g5 23. exd6+ Kd7 24. Qh3+ Kd8 25. d7 Rg6 26. Ng3 Qc6 27. Rhe1
Re6 28. Rxe6 fxe6 29. Qh5 Qxd7 30. Rxd7+ Kxd7 31. Qf7+ Be7 32. Ne4 Kd8 33. Qxe6
b4 34. Qxh6 Kd7 0-1

[Event "Challenge"]
[Site "http://www.queenalice.com/game.php?id=479993"]
[Date "2008.10.20"]
[Round "-"]
[White "SalsaQueen"]
[Black "Pilzi"]
[Result "1-0"]
[WhiteElo "1775"]
[BlackElo "1485"]

1. d4 d5 2. Nc3 c6 3. h3 f5 4. Nf3 h6 5. a3 Nf6 6. Bf4 Ne4 7. Bxb8 Nxc3 8. bxc3
Rxb8 9. e3 g6 10. c4 e6 11. Ne5 Qa5+ 12. Ke2 Rg8 13. f4 Bxa3 14. Qd3 Qb4 15.
Qxa3 Qb6 16. Kf2 a6 17. Bd3 Qc7 18. cxd5 cxd5 19. c4 dxc4 20. Nxc4 g5 21. Nd6+
Kd8 22. Rhc1 Qd7 23. Qb4 b5 24. Qa5+ Ke7 25. Nxc8+ Rgxc8 26. Qxa6 Qb7 27. Qa3+
Kf7 28. Rcb1 Qc7 29. Bxb5 Qc2+ 30. Kg1 Rc3 31. Qa7+ Kf8 32. Qxb8+ Rc8 33. Qd6+
Kf7 34. Be8+ 1-0

[Event "Challenge"]
[Site "http://www.queenalice.com/game.php?id=488677"]
[Date "2008.11.6"]
[Round "-"]
[White "manichino"]
[Black "Pilzi"]
[Result "0-1"]
[WhiteElo "1327"]
[BlackElo "1481"]

1. c4 c5 2. d4 Nc6 3. d5 Ne5 4. e4 d6 5. Nc3 h5 6. h3 a6 7. f4 Ng6 8. g3 e5 9.
Nf3 f5 10. Bd3 N8e7 11. Be3 h4 12. Bf2 exf4 13. g4 b6 14. exf5 Ne5 15. Nxe5 dxe5
16. Ne4 Nxf5 17. gxf5 Ra7 18. Nd2 Rf7 19. Qg4 g5 20. O-O-O Bd6 21. Rde1 b5 22.
b3 Qa5 23. Kd1 Qxa2 24. Ke2 bxc4 25. bxc4 Rhf8 26. Ra1 Bxf5 27. Bxf5 Qb2 28. Be4
f3+ 29. Bxf3 Rxf3 30. Qh5+ Kd7 31. Rhf1 e4 32. Qh7+ Kc8 33. Rxa6 Rxf2+ 34. Rxf2
Rxf2+ 35. Kxf2 Qxd2+ 36. Kf1 Qf4+ 37. Ke1 Qg3+ 38. Kd1 Qg1+ 39. Kc2 Qf2+ 40. Kd1
Qd4+ 41. Ke1 Bg3+ 42. Kf1 Qf2# 0-1

[Event "Challenge"]
[Site "http://www.queenalice.com/game.php?id=507942"]
[Date "2008.12.15"]
[Round "-"]
[White "luongo_00001"]
[Black "Pilzi"]
[Result "0-1"]
[WhiteElo "1274"]
[BlackElo "1502"]

1. e4 e5 2. Nf3 d6 3. d4 Nc6 4. d5 Nd4 5. Nxd4 exd4 6. Qxd4 c5 7. Qc4 f5 8. Nc3
a6 9. Be2 h5 10. Bf4 g6 11. Qa4+ Bd7 12. Qb3 b5 13. O-O g5 14. Be3 f4 0-1

[Event "Challenge"]
[Site "http://www.queenalice.com/game.php?id=524485"]
[Date "2009.1.17"]
[Round "-"]
[White "Pilzi"]
[Black "lala"]
[Result "0-1"]
[WhiteElo "1498"]
[BlackElo "1422"]

1. h4 e5 2. e4 Nf6 3. d3 d6 4. b4 Ng4 5. g3 Qf6 6. f3 Nh6 7. Bh3 Qd8 8. Bxc8
Qxc8 9. c4 b6 10. Nc3 Be7 11. Nd5 Nc6 12. b5 Nd4 13. Nxe7 Kxe7 14. g4 f6 15.
Bxh6 gxh6 16. g5 hxg5 17. hxg5 fxg5 18. Rh6 Qf8 19. Rh3 h6 20. Qd2 Re8 21. O-O-O
Kd8 22. Qc3 Qf4+ 23. Qd2 Qf6 24. Kb2 h5 25. a4 g4 26. a5 gxh3 27. axb6 cxb6 28.
Nxh3 Qxf3 29. Qg5+ Kc8 30. Qd2 Qxh3 31. Qb4 Qf3 32. Rd2 Rhg8 33. Qxd6 Re6 34.
Qa3 Rg2 35. Rxg2 Qxg2+ 36. Kc3 Qc2+ 37. Kb4 Nc6+ 38. bxc6 Rxc6 39. Qxa7 Qb2+ 40.
Ka4 Qa2+ 41. Kb5 Rc5+ 42. Kb4 Qxa7 43. Kc3 Qa3+ 44. Kd2 h4 0-1

[Event "AUTO-INT-1217"]
[Site "http://www.queenalice.com/game.php?id=545765"]
[Date "2009.2.24"]
[Round "1"]
[White "Pilzi"]
[Black "patropi"]
[Result "0-1"]
[WhiteElo "1472"]
[BlackElo "1389"]

1. h4 e5 2. e4 c6 3. a4 d5 4. d3 f5 5. Bg5 Qd6 6. c3 h6 7. Qh5+ g6 8. Qf3 hxg5
9. b4 gxh4 10. Nd2 fxe4 11. dxe4 Nf6 12. exd5 cxd5 13. Bb5+ Bd7 14. Ne2 a6 15.
Bxd7+ Nbxd7 16. g4 e4 17. Qf4 Ne5 18. Rh3 Nd3+ 19. Kf1 Nxf4 20. Nxf4 Qxf4 21. f3
Qxd2 22. Re1 Qxc3 23. g5 Qc4+ 24. Re2 Qxb4 25. gxf6 Qb1+ 26. Kg2 b5 27. Rh1 Qd3
28. Rhe1 bxa4 29. fxe4 Qg3+ 30. Kf1 d4 31. e5 h3 0-1

[Event "AUTO-INT-1217"]
[Site "http://www.queenalice.com/game.php?id=545766"]
[Date "2009.2.24"]
[Round "1"]
[White "patropi"]
[Black "Pilzi"]
[Result "1-0"]
[WhiteElo "1408"]
[BlackElo "1453"]

1. e4 e5 2. Nf3 d6 3. Bc4 g5 4. d3 h6 5. c3 c6 6. d4 g4 7. Nfd2 Nf6 8. h3 b5 9.
Bb3 h5 10. hxg4 Nxg4 11. O-O h4 12. Nf3 h3 13. a4 hxg2 14. Kxg2 Bh6 15. Rh1 Qf6
16. axb5 cxb5 17. Ra5 a6 18. Na3 Bb7 19. dxe5 dxe5 20. Bd5 Bxc1 21. Qxc1 Rxh1
22. Qxh1 Ne3+ 23. fxe3 Qg6+ 24. Kf2 Bxd5 25. exd5 e4 26. Qh8+ Ke7 27. Qh4+ f6
28. Nd4 Nd7 29. c4 Ne5 30. cxb5 Nd3+ 31. Ke2 Qg2+ 32. Kd1 1-0

[Event "AUTO-INT-1217"]
[Site "http://www.queenalice.com/game.php?id=545767"]
[Date "2009.2.24"]
[Round "1"]
[White "Pilzi"]
[Black "Catamarca"]
[Result "0-1"]
[WhiteElo "1509"]
[BlackElo "1641"]

1. h4 e5 2. e4 Nf6 3. d3 Bc5 4. Be3 Bxe3 5. fxe3 d6 6. b4 Ng4 7. Nf3 Nxe3 8. Qe2
Ng4 9. Nc3 Nc6 10. Nd5 Be6 11. a3 Nf6 12. Nxf6+ Qxf6 13. O-O-O Bg4 14. c4 Nd4
15. Qe3 Nxf3 16. gxf3 Bxf3 17. Be2 Bxh1 18. Rxh1 O-O-O 19. Rf1 Qxh4 20. Qxa7 h5
21. Bxh5 Qg5+ 22. Kb1 Qxh5 23. Qf2 f6 24. a4 Kd7 25. b5 Ra8 26. Qf5+ Qxf5 27.
Rxf5 Rxa4 28. Rf2 Rh3 29. Rg2 Rxd3 30. Rxg7+ Ke6 31. Rxc7 Rd2 32. Kc1 Rg2 33.
Kb1 Ra3 34. Rxb7 Rf3 35. Ra7 Rf1# 0-1

[Event "AUTO-INT-1217"]
[Site "http://www.queenalice.com/game.php?id=545768"]
[Date "2009.2.24"]
[Round "1"]
[White "Catamarca"]
[Black "Pilzi"]
[Result "1-0"]
[WhiteElo "1715"]
[BlackElo "1479"]

1. e4 e5 2. Bc4 d6 3. Nf3 h6 4. d4 Be6 5. Bxe6 fxe6 6. dxe5 d5 7. exd5 Qxd5 8.
O-O g5 9. Nc3 Qxd1 10. Rxd1 Nc6 11. Be3 Rd8 12. Rxd8+ Kxd8 13. Rd1+ Kc8 14. a3
a6 15. Nd4 Nxe5 16. Nxe6 Be7 17. Bd4 Bd6 18. Bxe5 Ne7 19. Bxh8 Nf5 20. Be5 b6
21. Bxd6 cxd6 22. Nd5 Kd7 23. Nec7 Ne7 24. Nxe7 Kxc7 25. Nd5+ Kc6 26. c4 a5 27.
b4 a4 28. Ne7+ Kd7 29. Nf5 Ke6 30. Nxd6 Ke5 31. Nf7+ Kf6 32. Nxh6 1-0